Impacto de la crisis en la educación y los principales dilemas que provoca

সংরক্ষণ করুন:
গ্রন্থ-পঞ্জীর বিবরন
প্রধান লেখক: Vergara, Carlos
বিন্যাস: পাঠ‍্য
প্রকাশিত: San José: Instituto Latinoamericano y del Caribe de Planificación Económica y Social (ILPES)
ট্যাগগুলো: ট্যাগ যুক্ত করুন
কোনো ট্যাগ নেই, প্রথমজন হিসাবে ট্যাগ করুন!

MARC

LEADER 00000 a a2200000 04500
001 25140
003
040
090 |a 179400  
100 |a Vergara, Carlos  
245 |a Impacto de la crisis en la educación y los principales dilemas que provoca  
260 |a San José:   |b Instituto Latinoamericano y del Caribe de Planificación Económica y Social (ILPES)  
300 |a 14 p.   |b **no definido**  
999 |c 11180  |d 11180